000 00882cab a2200229 4500
001 WB2807-26
008 090401t1992 xxu||||| |||| 00| 0 eng d
035 _a(Sirsi) u33283
041 _aeng
245 _aCharity doubt over home loan rescues
260 _c1992
350 _a0
490 _aGuardian
_v10 February 1992, 5
490 _aDaily Telegraph
_v10 February 1992, 6(2)
520 _aShelter`s "Mortgage Rescue" report predicts that mortgage rescue schemes will help fewer families avoid repossession than originally expected as many will not qualify for rescue schemes. A national mortgage benefit scheme to help the low-paid and massive reductions in mortgage rates are among the measures recommended.
650 _aMORTGAGE RESCUE SCHEMES
650 _aREPOSSESSIONS
650 _aSHELTER
690 _aHOUSING-FINANCE
942 _n0
948 _c04/03/1997
999 _c22246
_d22246